Framing Of Indias Constitution :select Documents V.5 (Record no. 687462)

MARC details
000 -LEADER
fixed length control field 00357nam a2200121Ia 4500
008 - FIXED-LENGTH DATA ELEMENTS--GENERAL INFORMATION
fixed length control field 230627s9999 xx 000 0 und d
020 ## - INTERNATIONAL STANDARD BOOK NUMBER
International Standard Book Number 81-7534-384-2
041 ## - LANGUAGE CODE
Language code of text/sound track or separate title mar
082 ## - DEWEY DECIMAL CLASSIFICATION NUMBER
Classification number 342
Item number RAO
100 ## - MAIN ENTRY--PERSONAL NAME
Personal name Rao B. Shiva ,
245 ## - TITLE STATEMENT
Title Framing Of Indias Constitution :select Documents V.5
260 ## - PUBLICATION, DISTRIBUTION, ETC.
Place of publication, distribution, etc. New Delhi
Name of publisher, distributor, etc. Universal Law Publishing Co. Pvt. Ltd.
Date of publication, distribution, etc. 1968
Holdings
Withdrawn status Lost status Damaged status Not for loan Collection Home library Current library Shelving location Date acquired Cost, normal purchase price Total Checkouts Full call number Barcode Date last seen Price effective from Koha item type
        NLP LL.B New Law College, Pune New Law College, Pune NLP-Rack No-52 31/03/2005 834.00   342 RAO NLP-N08276 17/07/2023 17/07/2023 Reference Books